Micro-Patterned Polystyrene Sheets as Templates for Interlinked 3D Polyelectrolyte Multilayer Microstructures; BioNanoScience; Vol. 8, iss. 2
| Parent link: | BioNanoScience Vol. 8, iss. 2.— 2018.— [P. 654-660] |
|---|---|
| Ente Autore: | |
| Altri autori: | , , , |
| Riassunto: | Title screen Polystyrene (PS) is currently mainly used as a sacrificial template during pattern release upon microcontact printing or for self-assembled flat free-standing films. We hereby present a method for creating 3D microstructured free-standing self-assembled polyelectrolyte multilayer (PEM) thin films. The approach presented utilizes a sacrificial microstructured PS template which can be coated with PEM thin films, whereby dissolution of the PS facilitates a free-standing 3D microstructured PEM film. The PS templating approach allows for omitting hot embossing on silicon masters, since PS templates can be prepared by drop casting on silicon masters. The prepared PEM film offers, if gold nanoparticles are incorporated, stimuli-responsive properties like light-induced chamber opening. Режим доступа: по договору с организацией-держателем ресурса |
| Lingua: | inglese |
| Pubblicazione: |
2018
|
| Soggetti: | |
| Accesso online: | https://doi.org/10.1007/s12668-017-0403-5 |
| Natura: | Elettronico Capitolo di libro |
| KOHA link: | https://koha.lib.tpu.ru/cgi-bin/koha/opac-detail.pl?biblionumber=661174 |
MARC
| LEADER | 00000naa0a2200000 4500 | ||
|---|---|---|---|
| 001 | 661174 | ||
| 005 | 20250414132331.0 | ||
| 035 | |a (RuTPU)RU\TPU\network\31421 | ||
| 035 | |a RU\TPU\network\27262 | ||
| 090 | |a 661174 | ||
| 100 | |a 20191121d2018 k||y0rusy50 ba | ||
| 101 | 0 | |a eng | |
| 102 | |a US | ||
| 135 | |a drcn ---uucaa | ||
| 181 | 0 | |a i | |
| 182 | 0 | |a b | |
| 200 | 1 | |a Micro-Patterned Polystyrene Sheets as Templates for Interlinked 3D Polyelectrolyte Multilayer Microstructures |f Gay Meyu [et al.] | |
| 203 | |a Text |c electronic | ||
| 300 | |a Title screen | ||
| 320 | |a [References: 39 tit.] | ||
| 330 | |a Polystyrene (PS) is currently mainly used as a sacrificial template during pattern release upon microcontact printing or for self-assembled flat free-standing films. We hereby present a method for creating 3D microstructured free-standing self-assembled polyelectrolyte multilayer (PEM) thin films. The approach presented utilizes a sacrificial microstructured PS template which can be coated with PEM thin films, whereby dissolution of the PS facilitates a free-standing 3D microstructured PEM film. The PS templating approach allows for omitting hot embossing on silicon masters, since PS templates can be prepared by drop casting on silicon masters. The prepared PEM film offers, if gold nanoparticles are incorporated, stimuli-responsive properties like light-induced chamber opening. | ||
| 333 | |a Режим доступа: по договору с организацией-держателем ресурса | ||
| 461 | |t BioNanoScience | ||
| 463 | |t Vol. 8, iss. 2 |v [P. 654-660] |d 2018 | ||
| 610 | 1 | |a электронный ресурс | |
| 610 | 1 | |a труды учёных ТПУ | |
| 610 | 1 | |a polystyrene | |
| 610 | 1 | |a sacrificial template | |
| 610 | 1 | |a patterned template | |
| 610 | 1 | |a self-assembly | |
| 610 | 1 | |a polyelectrolyte multilayer | |
| 610 | 1 | |a полистирол | |
| 610 | 1 | |a шаблоны | |
| 610 | 1 | |a самоорганизация | |
| 610 | 1 | |a полиэлектролиты | |
| 610 | 1 | |a многослойность | |
| 701 | 0 | |a Gay Meyu | |
| 701 | 1 | |a Kudryavtseva |b V. L. |c physicist |c Engineer of Tomsk Polytechnic University |f 1993- |g Valeriya Lvovna |3 (RuTPU)RU\TPU\pers\38564 | |
| 701 | 1 | |a Sukhorukov |b G. B. |c chemist |c The Head of the Laboratory of Tomsk Polytechnic University, Candidate of physical and mathematical sciences |f 1969- |g Gleb Borisovich |3 (RuTPU)RU\TPU\pers\37353 | |
| 701 | 1 | |a Frue |b Yo. K. |g Yokhannes Kristof | |
| 712 | 0 | 2 | |a Национальный исследовательский Томский политехнический университет |b Инженерная школа ядерных технологий |b Научно-образовательный центр Б. П. Вейнберга |3 (RuTPU)RU\TPU\col\23561 |
| 801 | 2 | |a RU |b 63413507 |c 20191121 |g RCR | |
| 850 | |a 63413507 | ||
| 856 | 4 | |u https://doi.org/10.1007/s12668-017-0403-5 | |
| 942 | |c CF | ||